banner-ar

الامام الحسين بن على / (Record no. 49473)

MARC details
000 -الفاتح
حقل البيانات ثابتة الطول 00634nam a2200193Ia 4500
008 - عناصر البيانات ثابتة الطول - معلومات عامة
حقل البيانات ثابتة الطول 140319s9999 xx 000 0 ara d
040 ## - مصدر الفهرسة
وكالة الفهرسة الأصلية GCL /
وكالة النسخ GCL
082 04 - رقم تصنيف ديوى العشرى
رقم التصنيف 239.8
رقم المادة م ا
100 1# - المدخل الرئيسى - إسم شخصى
الإسم الشخصى محمد بيومى مهران
245 10 - بيان العنوان
العنوان الامام الحسين بن على /
بيان المسئوليه,etc محمد بيومى مهران
300 ## - الوصف المادى
التعداد 364 ص
490 ## - بيان السلسلة
عنوان السلسلة فى رحاب النبى وآل بيته الطاهرين
رقم المجلد/ التعيين التسلسلي 0
650 04 - المدخل الاضافى بالموضوع-مصطلح موضوعى
مصطلح موضوعي الاسلام
650 04 - المدخل الاضافى بالموضوع-مصطلح موضوعى
مصطلح موضوعي السيرة النبوية
650 04 - المدخل الاضافى بالموضوع-مصطلح موضوعى
مصطلح موضوعي السيرة النبوية - اهل البيت
650 04 - المدخل الاضافى بالموضوع-مصطلح موضوعى
مصطلح موضوعي الامام الحسين بن على
942 ## - عناصر المدخل الإضافي( كوها)
مصدر التصنيف او مخطط الترفيف Dewey Decimal Classification
Koha [default] item type كتاب
Holdings
حالة التراجع حالة الفقد حالة تلف ليس للاعارة المكان المؤقت الموقع الحالى تاريخ الاكتساب اجمالي اﻻعارات رقم الطلب الباركود تاريخ اخر مشاهدة تاريخ تفعيل السعر نوع وعاء كوها مصدر التصنيف او خطة الترفيف
        مكتبة القاهرة الكبرى مكتبة القاهرة الكبرى 03/26/2014   239.8\م ا 118863 03/26/2014 03/26/2014 كتاب  
        مكتبة القاهرة الكبرى مكتبة القاهرة الكبرى 04/20/2019   239.8 م ا 165815 04/20/2019 04/20/2019 كتاب ddc
        مكتبة القاهرة الكبرى مكتبة القاهرة الكبرى 04/20/2019   239.8 م ا 165816 04/20/2019 04/20/2019 كتاب ddc
        مكتبة القاهرة الكبرى مكتبة القاهرة الكبرى 04/20/2019   239.8 م ا 165817 04/20/2019 04/20/2019 كتاب ddc
        مكتبة القاهرة الكبرى مكتبة القاهرة الكبرى 04/20/2019   239.8 م ا 165818 04/20/2019 04/20/2019 كتاب ddc
        مكتبة القاهرة الكبرى مكتبة القاهرة الكبرى 04/20/2019   239.8 م ا 165819 04/20/2019 04/20/2019 كتاب ddc

Powered By

EGPV